<?xml version="1.0" encoding="UTF-8"?>
<marc:record xmlns:marc="http://www.loc.gov/MARC21/slim">
   <marc:leader>00000nam a2200000 a 4500</marc:leader>
   <marc:datafield ind1="0" ind2="0" tag="245">
      <marc:subfield code="a">Guinness World Records 2008</marc:subfield>
   </marc:datafield>
   <marc:datafield ind1="0" ind2="0" tag="245">
      <marc:subfield code="b">Das Original Buch der Rekorde mit Leucht-Seiten-Effekt</marc:subfield>
   </marc:datafield>
   <marc:datafield ind1=" " ind2="1" tag="264">
      <marc:subfield code="a">Mannheim</marc:subfield>
      <marc:subfield code="b">F.A. Brockhaus AG</marc:subfield>
      <marc:subfield code="c">2007</marc:subfield>
   </marc:datafield>
   <marc:datafield ind1="1" ind2=" " tag="520">
      <marc:subfield code="a">Aus dem Englischen übersetzt; zahlr. ill.</marc:subfield>
   </marc:datafield>
   <marc:datafield ind1=" " ind2=" " tag="020">
      <marc:subfield code="a">341114078X</marc:subfield>
      <marc:subfield code="9">341114078X</marc:subfield>
   </marc:datafield>
   <marc:datafield ind1=" " ind2=" " tag="500">
      <marc:subfield code="a">Neben den neuesten und größten Weltrekorden bietet das neue GUINNESS WORLD RECORDS BUCH 2008 sensationelle neue Bilder sowie gigantische Riesenseiten zum Ausklappen - zum ersten Mal mit Leuchteffekt -, Interviews mit berühmten Rekordhaltern sowie Einblick</marc:subfield>
   </marc:datafield>
   <marc:datafield ind1=" " ind2=" " tag="300">
      <marc:subfield code="a">275 S.</marc:subfield>
   </marc:datafield>
</marc:record>
